| 000 | 00866 a2200289 4500 | ||
|---|---|---|---|
| 003 | Nust | ||
| 005 | 20170207164715.0 | ||
| 010 | _a 2010362996 | ||
| 020 | _a0-86341-963-1 (pbk.) | ||
| 020 | _a1-84919-103-4 (pdf.) | ||
| 020 | _a978-0-86341-963-8 (pbk.) | ||
| 020 | _a978-1-84919-103-6 (pdf.) | ||
| 035 | _a(OCoLC)318672801 | ||
| 035 | _a(OCoLC)ocn318672801 | ||
| 040 | _cNust | ||
| 082 | 0 | 4 | _a621.38833 |
| 100 | 1 | _aBock, Alois. | |
| 245 | 1 | 0 |
_aVideo compression systems /(E BOOK) _cAlois M. Bock. |
| 246 | 1 | _aFrom first principles to concatenated codecs | |
| 260 |
_aStevenage : _bInstitution of Engineering and Technology, _c2009. |
||
| 300 |
_axx, 274 p. : _bill. ; _c24 cm. |
||
| 490 | 1 |
_aIET telecommunications series ; _v53 |
|
| 500 | _aE BOOK | ||
| 650 | 0 | _aVideo compression. | |
| 650 | 0 | _aVideoteknik | |
| 830 | 0 | _aIET telecommunications series ; | |
| 942 |
_2ddc _cBK |
||
| 999 |
_c209749 _d209749 |
||